000 01180cam a2200313 a 4500
005 20260322212057.0
008 data
010 _a 93050153
020 _a0553092626 :
_c{dollar}21.95 ({dollar}27.95 Can.)
020 _a9780553092622 :
_c{dollar}21.95 ({dollar}27.95 Can.)
040 _aDLC
_cDLC
_dDLC
043 _ae-uk-en
050 0 0 _aPS3557.E478
_bP58 1994
082 0 0 _a813/.54
_220
100 1 _aGeorge, Elizabeth,
_d1949-
245 1 0 _aPlaying for the ashes /
_cElizabeth George.
260 _aNew York :
_bBantam Books,
_c1994.
300 _ax, 624 p. ;
_c25 cm.
650 0 _aLynley, Thomas (Fictitious character)
_xFiction.
650 0 _aHavers, Barbara (Fictitious character)
_xFiction.
650 0 _aPolice
_zYorkshire
_zYorkshire
_xFiction.
651 0 _aYorkshire (England)
_xFiction.
655 7 _aDetective and mystery stories.
_2gsafd
906 _a7
_bcbc
_corignew
_d1
_eocip
_f19
_gy-gencatlg
920 _a** LC HAS REQ'D # OF SHELF COPIES **
991 _bc-GenColl
_hPS3557.E478
_iP58 1994
_p00017207659
_tCopy 1
_wBOOKS
001 data
999 _c1368
_d1368